000 00696nam a22002057a 4500
999 _c7871
_d7871
003 BD-JhCC
005 20181006181824.0
008 180215b1998 bg ||||| |||| 00| 0 ben d
035 _a(BD-JhCC)
040 _aBD-JhCC
_dBD-JhCC
041 _aben
082 _a301
_bROH 1998
100 _aরহমান, মোহাম্মদ হাবিবুর
245 _aআত্মহত্যার আর্থ-সামাজিক ও মনস্তাত্ত্বিক কারণ /
_c মোহাম্মদ হাবিবুর রহমান
300 _a63 p. :
_c22 cm.
650 _aSocio-econmic
650 _aPsychological causes
942 _2ddc
_cBK